MDQL
is popping MORE tags! Check the
thread
!
Quizzes
Events
Quiz Creation
Community
Videos
Private Events
Remove Ads
Sign In
Join for FREE
Feedback
Dark Mode
Quiz Categories
Sports
Geography
Music
Movies
Television
Just For Fun
Miscellaneous
History
Literature
Language
Science
Gaming
Entertainment
Religion
Holiday
For Kids
Quiz Lab
Recent
Popular Today
Quiz Kudos Today
Editor Picks
Curator Picks
Quizzes by...
Day
Popularity
Type
Ratings
Length
Year
Community
Subscriptions
Recent Discussions
Orange Saloon
Badges
Playlists
Quests
Create
Leaderboards
Showdown
Live 5
Trivia Bingo
Activity
Puzzle Library
Sporcle Events
Private Events
Virtual Trivia
Globe League
Become a Host
Pub Owners
SporcleCon
Opinionation
Our Games
Videos
Blog
Mobile Apps
Partnerships
Remove Ads and Go Orange
Feedback
Science
Computer
Plants
Astronomy
Chemistry
Elements
Math
Animal
Physics
Anatomy
Biology
Geology
General Science
Science
Computer
Plants
Astronomy
Chemistry
Elements
Math
Animal
Physics
Anatomy
Biology
Geology
General Science
Random Quiz
Search Sporcle
×
Quiz Lab
Quiz Lab
Science
define
Type in answers that appear in a list
Type in answers that appear in a list
Classic
Best Score? Go Orange.
What is the phobia? Stats
Can you name the the definitions of the phobias?
By
rokian11
5m
20 Questions
49 Plays
49 Plays
49 Plays
Comments
Comments
Give Quiz Kudos
Give Quiz Kudos
-
- Ratings
hide this ad
Replay
Link that replays current quiz
Next Quiz
Link to next quiz in quiz playlist
You Got
0%
They Got
Avg Score
24%
Avg Friend Score
Upgrade to see
Score Distribution
Jump to the score distribution portion of the page
Score
0/20
Timer
05:00
0
Plays Today
Name of phobia
Phobia of
% Correct
Acrophobia
Heights
77.6%
Dutchphobia
the Dutch
63.3%
Ichthyophobia
Fish
59.2%
Symmetrophobia
Symmetry
44.9%
Verbophobia
Words
42.9%
Tachophobia
Speed
32.7%
Melanophobia
The colour black
24.5%
Barophobia
Gravity
22.4%
Uranophobia or Ouranophobia
Heaven
20.4%
Logizomechanophobia
Computers
18.4%
Name of phobia
Phobia of
% Correct
Ranidaphobia
Frogs
18.4%
Caligynephobia
Beautiful women
14.3%
Porphyrophobia
The colour purple
14.3%
Kakorrhaphiophobia
Failure
12.2%
Geniophobia
Chins
10.2%
Enetophobia
Pins
6.1%
Zemmiphobia
The great mole rat
6.1%
Consecotaleophobia
Chopsticks
4.1%
Omphalophobia
Belly button
4.1%
Xanthophobia
Foreign languages
2%
Quiz Playlist
Details
Report
Send in Message
Add To Playlist
Classic:
Type in answers that appear in a list
Quiz Source
Last Updated: Feb 16, 2017
Quiz Scoreboard
CHALLENGE
Sign Up to Join the Scoreboard
Show All
Scores
Hide
Comments
May contain spoilers
Recently Published
1-10 Letter E Words III
by El_Dandy
Language
2m
Street Fighter Characters
by Artimus82
Gaming
60s
College Basketball Coaching Resumes
by pancakes188
Sports
9m
More to Explore
Quiz From the Vault
Featured Blog Post
Where Did the Easter Bunny Come From?
hide this ad
You Might Also Like...
Tags
define
phobia
Today's Top Quizzes in Science
Browse Science
hide this ad
Today's Top Quizzes in define
Browse define
Top Contributed Quizzes in Science
1
Quick Pick: Radians
2
The First 100 Digits of Pi
3
Quick Pick: 'CI-CJ' Animals
4
Elements In Images
5
perfect squares 1-25
6
One Thing in Common: Science
7
One Thing in Common: Science II
8
One Thing in Common: Animals
9
One Thing in Common: Science III
10
Order Up: Organs and Body Systems
Explore More
Trending Topics
Marvel
Harry Potter
Disney
NBA
Anime
Crossword
Kpop
NFL
Soccer
WWE
Song
Puzzle
Country
Pokémon
The Office
hide this ad
More By:
rokian11
Quiz
Plays
Rating
Category
Featured
Created
English Football Teams
363
4.00
Sports
Dec 11, 2010
Country Anagrams
352
4.63
Geography
Jan 13, 2011
Premiership Nationalities
330
4.29
Sports
Jan 25, 2011
London Underground Lines
316
3.14
Miscellaneous
Dec 9, 2010
Formula One 2010 Season Teams
88
Sports
Jan 16, 2011
Go to Creator's Profile
Score Distribution
Quiz Creator Spotlight
rokian11
Follow
Send a Message
Quizzes Created
-
Created Quiz Play Count
-
More By This Creator
Popular Quizzes Today
1
Find the US States - No Outlines Minefield
2
Find the Countries of Europe - No Outlines Minefield
3
The Countries of the World
4
Find the US States
5
Risky Map Clicking: Biggest States A-Z
6
US States
7
Popular People in 1961
8
Movies - When Are They Set?
More Science Quizzes
Find the Spider Animals II
Quiz Lab
Trending Quizzes
Risky Map Clicking: Least Populous States A-Z
USA Borders Longest to Shortest
1-10 Letter G Words
1-10 Letter F Words
Countries of the World: 200 Million BC
Recently Updated
Leaping Animals
pecheneg
Reality TV Shows (A-Z)
bhenderson79
Rickey Henderson's Hall of Fame Teammates
pecheneg
Champions League XIs: Arsenal
pecheneg
Quick Pick: Celebrities in WWE's Hall of Fame
aduchscher
A-Z Keypad Blitz II
pecheneg
Multiple Oscar Actors
pecheneg
Mystery Phrase Blitz: Oscar 'Best Actors'
pecheneg
F. Scott Fitzgerald Novels
LTH
Pick 3 Villains
ddd62291
Trending Topics
Harry Potter
Marvel
Crossword
Disney
Kpop
NBA
Anime
WWE
Pokémon
The Office
NFL
Puzzle
Song
Country
Soccer
Your Account Isn't Verified!
In order to create a playlist on Sporcle, you need to verify the email address you used during registration. Go to your
Sporcle Settings
to finish the process.
Report this User
Report this user for behavior that violates our
Community Guidelines
.
Details:
Send Report
Go to the Sporcle.com Mobile Site →
Comments